000 01161nam a2200217Ia 4500
003 Ost
005 20260507075628.0
008 260507s9999||||xx |||||||||||||| ||und||
020 _a9789947782132
040 _cfsecg
041 _aara
082 _a658.8
100 _aحمادوش، سفيان
_eمؤلف
245 0 _aتسويق الخدمات :
_bمحاضرات وأعمال موجهة /
_c سفيان حمادوش
260 _aالجزائر:
_bالنشر الجامعي الجديد,
_c2021
300 _a128 صفحة؛
_bجداول، مخططات بيانية
_c24 سم
504 _aمراجع
520 _aمدخل الى تسويق الخدمات، مفهوم وأهمية الخدمة، أصناف وخصائص الخدمات، مع المزيج التسويقي لها، كذلك ادارة جودة الخدمة واستراتيجيات التسويق لشركات الخدمات، بالاضافة لتحقيق التفوق قي تسويق الخدمات مع التسويق الداخلي لها والتسويق التفاعلي وأخيرا الأعمال الموجهة.
653 _aادارة التسويق
942 _cكتاب
999 _c45181
_d45181